000 00329 a2200145 4500
001 194282
040 _cMagnum
100 _aKing, Stephen Michael
240 1 0 _aAna, Guto e o gato dançarino
_lpor
245 1 0 _aAna, Guto e o gato dançarino
300 _a32
362 0 _a2005
697 _aLITERATURA INFANTIL
942 _cBK
999 _c194282
_d194282